000 00435pab a2200169 454500
008 180718b2008 xxu||||| |||| 00| 0 eng d
100 _aAdichilamakel, Rosamma George
245 _aStatus of pardhi tribe in the state of Maharashtra
260 _c2008
300 _ap.21-41.
362 _aSep
650 _aTribes - India - Maharashtra
650 _aTribes
773 _aTribal Research Bulletin
908 _aN
909 _a81889
999 _c81889
_d81889